都道府県の名前がつく駅 - Statistics

General Stats
  • This quiz has been taken 1,715 times
    1,714 since last reset
  • The average score is 71 of 157
Answer Stats
都道府県 路線名 答え % Correct
青森 奥羽本線 青森
93%
奥羽本線 新青森
87%
秋田 奥羽本線 秋田
86%
山形線 山形
85%
総武本線 千葉
84%
東京 東海道線 東京
84%
東北本線 福島
83%
両毛線 栃木
79%
神奈川 京急本線 神奈川
77%
新潟 信越本線 新潟
77%
静岡 東海道線 静岡
76%
信越本線 長野
75%
岐阜 東海道線 岐阜
75%
大阪 大阪環状線 大阪
75%
埼玉 京浜東北線 さいたま新都心
74%
あいの風とやま鉄道線 富山
74%
京都線 京都
74%
京浜東北線 東神奈川
72%
北陸本線 福井
72%
奈良線 奈良
71%
和歌山 紀勢本線 和歌山
71%
山陽本線 広島
71%
岡山 山陽本線 岡山
70%
山口線 山口
70%
IGRいわて銀河鉄道線 いわて沼宮内
69%
東海道新幹線 岐阜羽島
69%
鳥取 山陰本線 鳥取
68%
鹿児島 鹿児島本線 鹿児島
68%
中央・総武緩行線 西千葉
67%
京都線 新大阪
67%
兵庫県 神戸線 兵庫
67%
高知 土讃線 高知
67%
長崎 長崎本線 長崎
67%
大分 日豊本線 大分
67%
日豊本線 宮崎
67%
山口線 新山口
66%
佐賀 長崎本線 佐賀
66%
鹿児島本線 熊本
66%
京葉線 千葉みなと
65%
りんかい線 東京テレポート
64%
徳島 高徳線 徳島
64%
鹿児島本線 鹿児島中央
64%
北海道 札沼線 北海道医療大学
62%
総武本線 東千葉
62%
静岡鉄道静岡清水線 新静岡
62%
山陽新幹線 東広島
62%
栃木 東武日光線 新栃木
61%
山梨 中央本線 山梨市
61%
近鉄奈良線 近鉄奈良
61%
東海道線 東静岡
59%
紀勢本線 和歌山市
59%
山形 山形線 北山形
58%
千葉 京成千葉線 京成千葉
58%
東武スカイツリーライン とうきょうスカイツリー
58%
名鉄名古屋本線 名鉄岐阜
57%
近鉄難波線 大阪難波
57%
宮崎空港線 宮崎空港
56%
外房線 本千葉
55%
京急本線 神奈川新町
55%
東海道線 西岐阜
55%
南海和歌山港線 和歌山港
54%
東北本線 南福島
53%
阪急宝塚本線 大阪梅田
53%
長野 しなの鉄道北しなの線 北長野
52%
大阪環状線 大阪城公園
52%
福岡市営地下鉄空港線 福岡空港
52%
青い森鉄道線 東青森
51%
京成千葉線 千葉中央
51%
京急本線 京急東神奈川
51%
阪急京都本線 京都河原町
51%
山陽本線 東岡山
51%
福島 東北本線 東福島
50%
白新線 東新潟
49%
近鉄大阪線 大阪上本町
49%
宮崎 日豊本線 南宮崎
48%
八高線 群馬藤岡
47%
広島 山陽本線 西広島
47%
京成千葉線 新千葉
45%
北総線 千葉ニュータウン中央
45%
高山本線 西富山
44%
あいの風とやま鉄道線 東富山
44%
福岡 西鉄天神大牟田線 西鉄福岡
44%
仙石線 宮城野原
43%
日豊本線 西大分
43%
富山地方鉄道不二越線 南富山
42%
近鉄南大阪線 大阪阿部野橋
42%
山陰本線 鳥取大学前
42%
東海道線 愛知御津
41%
鹿児島本線 南福岡
41%
大阪モノレール 大阪空港
39%
ゆりかもめ 東京ビッグサイト
38%
JR東西線 大阪城北詰
38%
長崎本線(臨) バルーンさが
38%
久大本線 南大分
38%
上越線 群馬総社
37%
越後線 新潟大学前
37%
奈良 近鉄けいはんな線 学研奈良登美ヶ丘
37%
福井 えちぜん鉄道三国芦原線 新福井
36%
京都 嵯峨野線 梅小路京都西
36%
広島電鉄1号線 広島駅
36%
指宿枕崎線 南鹿児島
36%
岡山電気軌道東山線 岡山駅前
35%
長崎電気軌道1号線 長崎駅前
35%
熊本市電A系統 熊本駅前
35%
豊肥本線 南熊本
35%
京成ちはら線 千葉寺
34%
Osaka Metro 中央線 大阪港
34%
熊本電気鉄道 北熊本
34%
鹿児島市電1系統 鹿児島駅前
34%
富山地方鉄道本線 電鉄富山
32%
南海本線 和歌山大学前
32%
とさでん交通桟橋線 高知駅前
32%
熊本 鹿児島本線 上熊本
32%
京都市営地下鉄東西線 京都市役所前
30%
岩手 東北本線 岩手飯岡
29%
JR東西線 大阪天満宮
29%
豊肥本線 大分大学前
28%
鹿児島市電2系統 鹿児島中央駅前
28%
Osaka Metro 長堀鶴見緑地線 大阪ビジネスパーク
27%
富山地方鉄道2系統 富山大学前
26%
南海高野線 大阪狭山市
26%
信越本線 群馬八幡
25%
福井鉄道福武線 福井駅
25%
近鉄大阪線 大阪教育大前
24%
宮城 仙台地下鉄東西線 宮城野通
23%
愛知 豊橋鉄道渥美線 愛知大学前
23%
千葉都市モノレール2号線 千葉公園
22%
樽見鉄道 モレラ岐阜
22%
あいの風とやま鉄道線 新富山口
22%
日豊本線 宮崎神宮
22%
えちぜん鉄道三国芦原線 福井口
21%
吾妻線 群馬原町
20%
IGRいわて銀河鉄道線 岩手川口
18%
滋賀 京阪石山坂本線 滋賀里
18%
群馬 吾妻線 群馬大津
17%
鹿児島市電1系統 南鹿児島駅前
16%
富山地方鉄道1系統 南富山駅前
15%
長崎電気軌道1号線 長崎大学前
15%
釜石線 岩手二日町
13%
三陸鉄道リアス線 岩手船越
13%
阿武隈急行線 福島学院前
12%
土讃線 高知商業前
12%
釜石線 岩手上郷
11%
ゆりかもめ 東京クルーズターミナル
11%
福井鉄道福武線 福井城址大名町
11%
叡山鉄道鞍馬線 京都精華大学前
11%
山口 山口線 上山口
11%
熊本市電A系統 熊本城・市役所前
8%
富山地方鉄道2系統 トヨタモビリティ富山Gスクエア五福前
8%
とさでん交通伊野線 高知城前
7%
富山地方鉄道1系統 電鉄富山・エスタ前
6%
とさでん交通桟橋線 高知橋
6%
富山 富山地方鉄道富山港線 オークスカナルパークホテル富山前
5%
富山地方鉄道富山港線 龍谷富山高校前
5%
熊本電気鉄道 熊本高専前
4%
広島電鉄宮島線 JA広島病院前
4%
広島電鉄1号線 広島港・宇品
3%
No matching quizzes found
Score Distribution
Percent of People with Each Score
Percentile by Number Answered
Your Score History
You have not taken this quiz since the last reset